| 000 | 02805nam a22002897a 4500 | ||
|---|---|---|---|
| 003 | OSt | ||
| 005 | 20251024113602.0 | ||
| 007 | cr ||||||auc|a | ||
| 008 | 230120b2021 mx ||||fom||| 001 0 spa d | ||
| 040 | _erda | ||
| 100 | 1 |
_9185944 _aSánchez Gastélum, Carolina del Rosario |
|
| 245 | 1 |
_aDesarrollo rural sostenible: _bexperiencias de producción de jatropha curcas en dos regiones de México / _cpor Carolina del Rosario Sánchez Gastélum; director de tesis Ibis Hortensia Mirella Sepúlveda González |
|
| 264 | 1 |
_aChapingo, México : _bEl autor, _c2021. |
|
| 300 | _a1 recurso en línea (232 páginas). | ||
| 336 |
_2rdacontent _atexto _btxt |
||
| 337 |
_2rdamedia _acomputadora _bc |
||
| 338 |
_2rdacarrier _arecurso en línea _bcr |
||
| 502 |
_bDCCA _cSociología _d2021. _gDOC |
||
| 504 | _aIncluye referencias bibliográficas: páginas 217-232 | ||
| 520 | _aSe valoró en campo, bajo condiciones diferentes, en el estado de Campeche (2017- 2020) y en el sur del Estado de México (2019- 2020), el potencial productivo, económico, ambiental y sociocultural de una propuesta basada en el cultivo de Jatropha curcas (Jatropha) no tóxica, con la intención de valorar procesos de desarrollo rural sostenible bajo una visión agroecológica, en sistemas agrosilvopastoriles, encontrándose múltiples usos potenciales tanto bioenergéticos, agroindustriales y artesanales, como ambientales y de alimentación humana y animal. Se utilizó como base los indicadores de la Asociación Global de la Bioenergía (GBEP), el marco analítico BEFS (Bioenergía y la Seguridad Alimentaria) y los componentes centrales de la agricultura campesina. En total se detectaron 23 elementos de análisis de los dos proyectos estudiados, 11 fueron expresados cualitativamente y 12 cuantitativamente, usando una gráfica de telaraña o AMEBA. Para la recolección de información se utilizó la encuesta y la entrevista semiestructurada y en profundidad. Se concluye que, aunque se encontraron algunos puntos críticos que requieren especial atención, como el largo periodo de establecimiento del cultivo (cuatro años), el alto uso de herbicidas, el poco uso de abonos orgánicos y la baja participación femenina; aun así, resultó una opción rentable, inclusiva, resiliente, con la capacidad de adaptarse a las particularidades físicas y socioculturales de la región, sin comprometer los recursos naturales. | ||
| 650 | 4 |
_9135370 _aJatropha curcas _xAprovechamiento |
|
| 650 | 4 |
_9133326 _aJatropha _xValor nutritivo |
|
| 650 | 4 |
_9129610 _aBiocombustibles _xProducción |
|
| 700 | 0 |
_aSepúlveda González, Ibis H. _eDirector de tesis _9104479 |
|
| 856 |
_uhttp://10.13.5.2/tesis/td/2021_SR_Sanchez_Gastelum_CarolinadelRosario.pdf _zDESCARGAR PDF |
||
| 942 |
_2Clasificación Universidad Autónoma Chapingo _cTD |
||
| 999 |
_c218125 _d218125 |
||